| 000 | 01031nam0a22002531 4500 | ||
|---|---|---|---|
| 001 | rc\2780914 | ||
| 005 | 20250806210217.0 | ||
| 035 | _a(NLR Aleph) 006907150 | ||
| 090 |
_a19147 _c19147 |
||
| 100 | _a20110915d1942 u y0rusy50 ca | ||
| 101 | 0 | _arus | |
| 102 | _aRU | ||
| 105 | _aa z ||||| | ||
| 200 | 1 |
_aО мерах сохранения молодняка и увеличения поголовья скота в колхозах и совхозах Киргизской ССР _eПостановление Сов. нар. ком. Киргизск. ССР и Центр. ком. Ком. партии (б) Киргизии |
|
| 210 |
_aФрунзе _cКиргизгосиздат _d1942 |
||
| 215 |
_a26, [1] с. _cтабл. _d16 см. |
||
| 710 | 0 | 1 |
_aКиргССР _bСовет Нар. Комиссаров |
| 801 | 0 |
_aRU _bNLR _gpsbo |
|
| 801 | 1 |
_aRU _bELAR _2rusmarc |
|
| 852 |
_aNLR _jП10 Г-2/17 |
||
| 942 | _cBOOK | ||
| 945 | _aРоссийская национальная библиотека | ||
| 980 | _aNB | ||
| 980 | _aBV | ||